Minecraft Trivia - Statistics

General Stats
  • This quiz has been taken 103 times
  • The average score is 4 of 8
Answer Stats
Question Answer % Correct
Which of these mobs have white eyes? Herobrine
86%
What colour coat does a "nitwit" wear? Green
76%
How long did it take developers to create the first version of Minecraft? 6 Days
62%
How many players can play together, at the same time, on Minecraft Realms? 10
48%
How long does one full day last in real-time? 20 Minutes
48%
How often is a Redstone tick? 0.1 seconds
38%
What do you have to do for the grisly death message announcing you were "stabbed to death"? Die to a cactus
24%
What is the mobile version of the game called? Minecraft Earth
5%
No matching quizzes found
Score Distribution
Percent of People with Each Score
Percentile by Number Answered
Your Score History
You have not taken this quiz